000 00267nam a22001217a 4500
008 181024b xxu||||| |||| 00| 0 eng d
041 _aeng
080 _a530
100 _a43
101 _aFIZ
245 _aThe foundations of science
_cPoincare,H
942 _2udc
_cBK
999 _c50858
_d50858